Memorial of the Six Chinese companies. (Record no. 14396)

MARC details
000 -LEADER
fixed length control field 00906cam a22002411 4500
001 - CONTROL NUMBER
control field ca 10004984
003 - CONTROL NUMBER IDENTIFIER
control field DLC
005 - DATE AND TIME OF LATEST TRANSACTION
control field 20260227111054.0
008 - FIXED-LENGTH DATA ELEMENTS--GENERAL INFORMATION
fixed length control field 790601s1877 cau 000 0 eng
010 ## - LIBRARY OF CONGRESS CONTROL NUMBER
LC control number ca 10004984
035 ## - SYSTEM CONTROL NUMBER
System control number (OCoLC)5025401
040 ## - CATALOGING SOURCE
Original cataloging agency DLC
Transcribing agency CLobS
Modifying agency OCoLC
-- DLC
042 ## - AUTHENTICATION CODE
Authentication code premarc
050 00 - LIBRARY OF CONGRESS CALL NUMBER
Classification number JV6875 1877
Item number .C5
051 ## - LIBRARY OF CONGRESS COPY, ISSUE, OFFPRINT STATEMENT
Classification number YA 17179
Copy information Copy no. undetermined.
110 2# - MAIN ENTRY--CORPORATE NAME
Corporate name or jurisdiction name as entry element Chinese Consolidated Benevolent Association, Calif.
245 10 - TITLE STATEMENT
Title Memorial of the Six Chinese companies.
Remainder of title An address to the Senate and House of Representatives of the United States. Testimony of California's leading citizens before the Joint Special Congressional Committee.
260 ## - PUBLICATION, DISTRIBUTION, ETC.
Place of publication, distribution, etc. San Francisco,
Name of publisher, distributor, etc. [Alta Print.]
Date of publication, distribution, etc. 1877.
300 ## - PHYSICAL DESCRIPTION
Extent 1 p. l., 53 p.
Dimensions 23 cm.
650 #0 - SUBJECT ADDED ENTRY--TOPICAL TERM
Topical term or geographic name entry element Chinese
Geographic subdivision California.
650 #0 - SUBJECT ADDED ENTRY--TOPICAL TERM
Topical term or geographic name entry element Labor
Geographic subdivision California.
710 2# - ADDED ENTRY--CORPORATE NAME
Corporate name or jurisdiction name as entry element YA Pamphlet Collection (Library of Congress)
Institution to which field applies DLC

No items available.

Powered by Koha